|
|
|
|
| LEADER |
01032nam a22002537a 4500 |
| 001 |
AAL7369 |
| 003 |
BD-DhAAL |
| 005 |
20160306123117.0 |
| 008 |
160306s 2010bg a|||| b||| 00| 0 ben d |
| 020 |
|
|
|a 9847028901213
|
| 040 |
|
|
|a BD-DhAAL
|c BD-DhAAL
|
| 082 |
|
|
|a 920.05492
|
| 100 |
|
|
|a নোমান, স্বকৃত
|9 18374
|
| 245 |
|
|
|a খ্যাতিমানদের শৈশব /
|c স্বকৃত নোমান
|
| 260 |
|
|
|a ঢাকা :
|b ইত্যাদি গ্রন্থ প্রকাশ,
|c ২০১০
|
| 300 |
|
|
|a ১৭৫ পৃ. :
|b চিত্র ;
|c ২২ সে.মি.
|
| 504 |
|
|
|6 Includes bibliographies
|
| 541 |
|
|
|e 7369
|
| 650 |
|
|
|a Celebrities
|x Biography.
|z Bangladesh
|9 18375
|
| 650 |
|
|
|a Celebrities
|9 18376
|
| 852 |
|
|
|a Savar Campus Library
|c General Shelf
|
| 942 |
|
|
|2 ddc
|c BK
|
| 999 |
|
|
|c 37050
|d 37050
|
| 952 |
|
|
|0 0
|1 0
|2 ddc
|4 0
|6 920_054920000000000_NOM
|7 0
|9 58298
|a SCL
|b SCL
|c GEN
|d 2016-03-06
|g 220.00
|l 2
|m 7
|o 920.05492 NOM
|p 3020007369
|r 2023-04-16
|s 2023-02-24
|t 1
|w 2016-03-06
|y BK
|